Genetic Variability and Correlation Studies for Green Pod Yield and Bio-Chemical Traits in Cowpea (Vigna unguiculata (L.) Walp.) (Record no. 50137)

MARC details
000 -LEADER
fixed length control field 00486nam a22001577a 4500
003 - CONTROL NUMBER IDENTIFIER
control field OSt
008 - FIXED-LENGTH DATA ELEMENTS--GENERAL INFORMATION
fixed length control field 260423b |||||||| |||| 00| 0 eng d
082 ## - DEWEY DECIMAL CLASSIFICATION NUMBER
Classification number 635.6592
Item number G14G
100 ## - MAIN ENTRY--PERSONAL NAME
Personal name Ram, Naresh
245 ## - TITLE STATEMENT
Title Genetic Variability and Correlation Studies for Green Pod Yield and Bio-Chemical Traits in Cowpea (Vigna unguiculata (L.) Walp.)
260 ## - PUBLICATION, DISTRIBUTION, ETC. (IMPRINT)
Place of publication, distribution, etc Pusa, Samastipur
Name of publisher, distributor, etc RAU
Date of publication, distribution, etc 1988
300 ## - PHYSICAL DESCRIPTION
Extent 102P.
502 ## - DISSERTATION NOTE
Degree type Msc.
Year degree granted 1988
650 ## - SUBJECT ADDED ENTRY--TOPICAL TERM
Topical term or geographic name as entry element Vegetables & Floriculture
942 ## - ADDED ENTRY ELEMENTS (KOHA)
Source of classification or shelving scheme
Koha item type Thesis
Holdings
Withdrawn status Lost status Source of classification or shelving scheme Damaged status Not for loan Home library Current library Date acquired Total Checkouts Full call number Barcode Date last seen Bill Date Koha item type
          Dr. Rajendra Prasad Central Agricultural University Pusa, Dr. Rajendra Prasad Central Agricultural University Pusa, 23/04/2026   635.6592 G14G 41625 23/04/2026 23/04/2026 Thesis
Hosted, Implemented, Customized & Maintained by: BestBookBuddies

Powered by Koha